000 00585nam a2200193Ia 4500
008 210719s1991 xx 000 0 und d
020 _a0-256-08120-4
041 _aeng
082 _a658.1511 GARM
100 _aGARRISON (Ray H)
245 _aManagerial accounting Ed.6
_bConcepts for planning control decision making
250 _a6
260 _aBoston
_bIrwin
_c1991
300 _axxii,810
_bHB
365 _cRs
650 _aManagement
650 _aManagement Accounting
906 _aaccounting ; Concepts ; control ; decision ; Ed.6 ; for ; making ; Managerial ; planning
999 _c214352
_d214352